| 000 | 00435nam a2200157Ia 4500 | ||
|---|---|---|---|
| 999 |
_c21934 _d21934 |
||
| 003 | OSt | ||
| 005 | 20200319123451.0 | ||
| 008 | 190216s9999||||xx |||||||||||||| ||und|| | ||
| 040 | _coclc | ||
| 082 |
_a915 _bKAR/I |
||
| 100 |
_aKareem, C K _92074 |
||
| 245 | 0 |
_aIbn Bathootha Kanda India / _cC K Kareem |
|
| 260 |
_bCharithram Publications, _c1980. |
||
| 300 | _a395p | ||
| 942 |
_cBK _2ddc _h915 _iKAR/I _k915 _mKAR/I |
||